<?xml version="1.0" encoding="UTF-8"?>
<marc:record xmlns:marc="http://www.loc.gov/MARC21/slim">
   <marc:leader>00000nam a2200000 a 4500</marc:leader>
   <marc:datafield ind1="1" ind2=" " tag="100">
      <marc:subfield code="a">Blaedel, Sara</marc:subfield>
      <marc:subfield code="4">aut</marc:subfield>
      <marc:subfield code="e">Verfasser/-in</marc:subfield>
   </marc:datafield>
   <marc:datafield ind1="1" ind2=" " tag="100">
      <marc:subfield code="a">Heimburger, Marieke</marc:subfield>
      <marc:subfield code="4">trl</marc:subfield>
      <marc:subfield code="e">Übersetzer/-in</marc:subfield>
   </marc:datafield>
   <marc:datafield ind1="1" ind2=" " tag="100">
      <marc:subfield code="a">Blaedel, Sara</marc:subfield>
   </marc:datafield>
   <marc:datafield ind1=" " ind2=" " tag="653">
      <marc:subfield code="a">Skandinavische Krimis</marc:subfield>
   </marc:datafield>
   <marc:datafield ind1=" " ind2=" " tag="653">
      <marc:subfield code="a">Dänischer Krimi</marc:subfield>
   </marc:datafield>
   <marc:datafield ind1=" " ind2=" " tag="653">
      <marc:subfield code="a">Camilla Läckberg</marc:subfield>
   </marc:datafield>
   <marc:datafield ind1=" " ind2=" " tag="653">
      <marc:subfield code="a">Viveca Sten</marc:subfield>
   </marc:datafield>
   <marc:datafield ind1=" " ind2=" " tag="653">
      <marc:subfield code="a">Vermisstenfälle</marc:subfield>
   </marc:datafield>
   <marc:datafield ind1=" " ind2=" " tag="653">
      <marc:subfield code="a">Softcover / Belletristik/Krimis</marc:subfield>
   </marc:datafield>
   <marc:datafield ind1=" " ind2=" " tag="653">
      <marc:subfield code="a">Thriller</marc:subfield>
   </marc:datafield>
   <marc:datafield ind1=" " ind2=" " tag="653">
      <marc:subfield code="a">Spionage</marc:subfield>
   </marc:datafield>
   <marc:datafield ind1=" " ind2=" " tag="653">
      <marc:subfield code="a">Ermittlungen</marc:subfield>
   </marc:datafield>
   <marc:datafield ind1=" " ind2=" " tag="653">
      <marc:subfield code="a">Krimis</marc:subfield>
   </marc:datafield>
   <marc:datafield ind1="0" ind2="0" tag="245">
      <marc:subfield code="a">Die vergessenen Mädchen</marc:subfield>
   </marc:datafield>
   <marc:datafield ind1="0" ind2="0" tag="245">
      <marc:subfield code="b">Kriminalroman</marc:subfield>
   </marc:datafield>
   <marc:datafield ind1="0" ind2="0" tag="245">
      <marc:subfield code="c">Sara Blædel. Aus dem Dän. von Marieke Heimburger</marc:subfield>
   </marc:datafield>
   <marc:datafield ind1=" " ind2="1" tag="264">
      <marc:subfield code="a">München</marc:subfield>
      <marc:subfield code="b">Piper</marc:subfield>
      <marc:subfield code="c">2014</marc:subfield>
   </marc:datafield>
   <marc:datafield ind1="1" ind2=" " tag="520">
      <marc:subfield code="a">Angaben aus der Verlagsmeldung

Die vergessenen Mädchen : Kriminalroman De glemte piger/The Forgotten Girls / von Sara Blædel

In einem abgelegenen Waldstück wird die Leiche einer Frau gefunden. Eine lange Narbe in ihrem Gesicht sollte es Kommissarin Louise Rick einfach machen, die Tote zu identifizieren, doch niemand meldet sie als vermisst. Louises Ermittlungen führen sie tiefer in die eigene Vergangenheit, als ihr lieb ist, und so manches Geheimnis, das lange im Wald verborgen lag, kommt endlich zutage ...
In einem abgelegenen Waldstück wird die Leiche einer Frau gefunden. Eine lange Narbe in ihrem Gesicht sollte es einfach machen, sie zu identifizieren, doch niemand meldet sie als vermisst. Tage später tappt Louise Rick, die seit Kurzem eine Sondereinheit der Vermisstenstelle in Kopenhagen leitet, noch immer im Dunkeln. Mithilfe der Öffentlichkeit findet sie schließlich heraus, um wen es sich bei der Toten handelt, aber sie soll bereits vor Jahren gestorben sein. Ist ihre Todesurkunde eine Fälschung? Und was ist mit ihrer Zwillingsschwester, die am selbenTag gestorben sein soll? Louises Nachforschungen führen sie tiefer in die eigene Vergangenheit, als ihr lieb ist, und so manches Geheimnis, das lange im Wald verborgen lag, kommt endlich zutage ...
</marc:subfield>
   </marc:datafield>
   <marc:datafield ind1=" " ind2=" " tag="020">
      <marc:subfield code="a">9783492060059</marc:subfield>
      <marc:subfield code="9">9783492060059</marc:subfield>
   </marc:datafield>
   <marc:datafield ind1=" " ind2=" " tag="020">
      <marc:subfield code="a">3492060056</marc:subfield>
      <marc:subfield code="9">3492060056</marc:subfield>
   </marc:datafield>
   <marc:datafield ind1=" " ind2=" " tag="041">
      <marc:subfield code="a">ger</marc:subfield>
   </marc:datafield>
   <marc:datafield ind1=" " ind2=" " tag="300">
      <marc:subfield code="a">348 S.</marc:subfield>
   </marc:datafield>
</marc:record>
